دور المرأة في المجتمع المصري القديم (Record no. 10100)
[ view plain ]
| 000 -LEADER | |
|---|---|
| fixed length control field | 00766cam#a22002295a#4500 |
| 001 - CONTROL NUMBER | |
| control field | 7561 |
| 003 - CONTROL NUMBER IDENTIFIER | |
| control field | ELIS7561 |
| 005 - DATE AND TIME OF LATEST TRANSACTION | |
| control field | 20150907084528.0 |
| 008 - FIXED-LENGTH DATA ELEMENTS--GENERAL INFORMATION | |
| fixed length control field | t1995#######a####r#####000#0#ara#d |
| 040 ## - CATALOGING SOURCE | |
| Original cataloging agency | مكتبة المعهد الهولندي الفلمنكي |
| Transcribing agency | مكتبة المعهد الهولندي الفلمنكي |
| 100 ## - MAIN ENTRY--PERSONAL NAME | |
| Personal name | عبد الحليم نور الدين |
| 245 1# - TITLE STATEMENT | |
| Title | دور المرأة في المجتمع المصري القديم |
| 260 ## - PUBLICATION, DISTRIBUTION, ETC. (IMPRINT) | |
| Place of publication, distribution, etc. | القاهرة |
| Name of publisher, distributor, etc. | وزارة الثقافة, المجلس الأعلى للآثار |
| Date of publication, distribution, etc. | 1995 |
| 300 ## - PHYSICAL DESCRIPTION | |
| Extent | 188 |
| 500 ## - GENERAL NOTE | |
| General note | البدرون |
| 650 ## - SUBJECT ADDED ENTRY--TOPICAL TERM | |
| Topical term or geographic name as entry element | مصر |
| 650 ## - SUBJECT ADDED ENTRY--TOPICAL TERM | |
| Topical term or geographic name as entry element | التاريخ |
| 650 ## - SUBJECT ADDED ENTRY--TOPICAL TERM | |
| Topical term or geographic name as entry element | النساء |
| 650 ## - SUBJECT ADDED ENTRY--TOPICAL TERM | |
| Topical term or geographic name as entry element | العصر الفرعوني |
| 650 ## - SUBJECT ADDED ENTRY--TOPICAL TERM | |
| Topical term or geographic name as entry element | هدية |
| 902 ## - LOCAL DATA ELEMENT B, LDB (RLIN) | |
| a | I 85 |
| Withdrawn status | Lost status | Source of classification or shelving scheme | Damaged status | Not for loan | Home library | Current library | Shelving location | Date acquired | Total Checkouts | Full call number | Barcode | Date last seen | Price effective from | Koha item type |
|---|---|---|---|---|---|---|---|---|---|---|---|---|---|---|
| Dewey Decimal Classification | Netherlands-Flemish Institute in Cairo (NVIC) Library | Netherlands-Flemish Institute in Cairo (NVIC) Library | First Floor - 1.05 | 08/29/2015 | I 85 | I 85 | 08/29/2015 | 08/29/2015 | Books |